Dr. S. R. Lasker Library Online Catalogue

Home      Library Home      Institutional Repository      E-Resources      MyAthens      EWU Home

Normal view MARC view

Entry Personal Name

Number of records used in: 1

001 - CONTROL NUMBER

  • control field: 23111

003 - CONTROL NUMBER IDENTIFIER

  • control field: BD-DhEWU

005 - DATE AND TIME OF LATEST TRANSACTION

  • control field: 20181016204944.0

008 - FIXED-LENGTH DATA ELEMENTS

  • fixed length control field: 181016|| aca||aabn | a|a d

040 ## - CATALOGING SOURCE

  • Original cataloging agency: BD-DhEWU
  • Transcribing agency: BD-DhEWU

100 ## - HEADING--PERSONAL NAME

  • Personal name: Lincoln, Abraham,
  • Dates associated with a name: 1809-1865.

670 ## - SOURCE DATA FOUND

  • Source citation: Work cat.: (BD-DhEWU)0: Lincoln, Abraham, 1809-1865., Speeches and writings, 1859-1865 :, c1989.